000 00513nam a22001697a 4500
999 _c8445
_d8445
008 201124b ||||| |||| 00| 0 eng d
040 _aBMS College of Architecture
100 _aPrakruthi K G
245 _aCare and cure (alleviation to cancer)
300 _aNA
500 _a1BM14AT041
502 _8B,Arch
_NBMS College of Architecture, Visvesvaraya Technological University (VTU)
_aProject report
_d2018
650 _aNA
700 _aAnand H M
_eGuide
700 _aKoshy P Koshy
_eGuide
942 _2ddc
_cTHE